[Event "Solingen-ch 2018"]
[Site "Solingen"]
[Date "2018.09.14"]
[Round "1.1"]
[White "Kniest, Oliver"]
[Black "Ipekyilmaz, Tayfun"]
[Result "1-0"]
[WhiteElo "2309"]
[BlackElo "1736"]
[PlyCount "51"]
[EventDate "2018.09.14"]
[EventType "swiss"]
[EventRounds "7"]
[EventCountry "GER"]
[WhiteTeam "SG Solingen"]
[BlackTeam "Langenfelder SF"]

1. Nf3 Nc6 2. d4 d5 3. Bf4 e6 4. c4 Bb4+ 5. Nc3 Nf6 6. e3 Ne4 7. Qc2 Nxc3 8.
bxc3 Bd6 9. Bg3 Bxg3 10. hxg3 h6 11. Bd3 dxc4 12. Bxc4 Qf6 13. Rb1 e5 14. Rh4
g5 15. dxe5 Qe7 16. Re4 Bf5 17. Rxb7 Kf8 18. Bd5 Bxe4 19. Qxe4 Nd8 20. Rb3 Rc8
21. Nd4 c6 22. Bc4 Qc5 23. Bxf7 Ke7 24. Qf5 Rc7 25. Qf6+ Kf8 26. Ne6+ 1-0

[Event "Solingen-ch 2018"]
[Site "Solingen"]
[Date "2018.09.14"]
[Round "1.2"]
[White "von Häfen, Dieter"]
[Black "Hobusch, Jan"]
[Result "0-1"]
[WhiteElo "1732"]
[BlackElo "2180"]
[PlyCount "38"]
[EventDate "2018.09.14"]
[EventType "swiss"]
[EventRounds "7"]
[EventCountry "GER"]
[WhiteTeam "SV Hennef"]
[BlackTeam "SG Solingen"]

1. Nf3 d5 2. c4 c6 3. d4 Nf6 4. e3 Bg4 5. Nbd2 e6 6. b3 Nbd7 7. Be2 Be7 8. O-O
O-O 9. Bb2 a5 10. a4 Bb4 11. Rc1 Qe7 12. c5 Rfe8 13. Ne1 Bxe2 14. Qxe2 e5 15.
Nd3 exd4 16. Bxd4 Ba3 17. Rc2 Ne4 18. Nxe4 dxe4 19. Qg4 f5 0-1

[Event "Solingen-ch 2018"]
[Site "Solingen"]
[Date "2018.09.14"]
[Round "1.3"]
[White "Peschel, Andreas"]
[Black "Sherif, Malik"]
[Result "1-0"]
[WhiteElo "2167"]
[BlackElo "1729"]
[PlyCount "115"]
[EventDate "2018.09.14"]
[EventType "swiss"]
[EventRounds "7"]
[EventCountry "GER"]
[WhiteTeam "SG Solingen"]
[BlackTeam "SG Solingen"]

1. d4 d5 2. Nf3 Nf6 3. c4 c6 4. e3 e6 5. Nbd2 Nbd7 6. Bd3 Be7 7. O-O O-O 8. b3
b6 9. Bb2 Bb7 10. e4 dxe4 11. Nxe4 c5 12. Nxf6+ Bxf6 13. Qc2 h6 14. Bh7+ Kh8
15. Be4 Bxe4 16. Qxe4 cxd4 17. Nxd4 Nc5 18. Qe3 Rc8 19. Rad1 Qe7 20. Qf3 Qb7
21. Qxb7 Nxb7 22. Ba3 Rfd8 23. Nb5 a6 24. Nd6 Nxd6 25. Rxd6 Rxd6 26. Bxd6 Bd4
27. Rd1 Bc5 28. Bf4 Kh7 29. Kf1 Kg6 30. Ke2 Kf6 31. Bd2 e5 32. Bc3 Ke6 33. Rd5
f6 34. a4 a5 35. f3 Rc6 36. g4 Rd6 37. Rxd6+ Bxd6 38. Bd2 Bc5 39. Kd3 f5 40. h3
g5 41. Bc1 Kf6 42. Bb2 Ke6 43. Bc3 Kf6 44. Be1 Ke6 45. h4 Kf6 46. h5 Ke6 47.
Bd2 Kf6 48. Be3 Bxe3 49. Kxe3 Ke6 50. gxf5+ Kxf5 51. b4 Ke6 52. bxa5 bxa5 53.
Kd3 Kd6 54. Ke4 Kc5 55. Kxe5 Kxc4 56. Kf6 Kb4 57. Kg6 Kxa4 58. Kxh6 1-0

[Event "Solingen-ch 2018"]
[Site "Solingen"]
[Date "2018.09.14"]
[Round "1.4"]
[White "Ipekyilmaz, Mert"]
[Black "Zolfagharian, Kevin"]
[Result "0-1"]
[WhiteElo "1710"]
[BlackElo "2165"]
[PlyCount "88"]
[EventDate "2018.09.14"]
[EventType "swiss"]
[EventRounds "7"]
[EventCountry "GER"]
[WhiteTeam "Düsseldorfer SK"]
[BlackTeam "SG Solingen"]

1. e4 c5 2. d4 cxd4 3. c3 e5 4. cxd4 exd4 5. Qxd4 Nc6 6. Qd1 Nf6 7. Nc3 Bb4 8.
Bd3 d5 9. exd5 Qxd5 10. Qf3 Bg4 11. Qxd5 Nxd5 12. Bd2 O-O-O 13. Be2 Rhe8 14.
O-O-O Bf5 15. Nxd5 Rxd5 16. Bxb4 Rxd1+ 17. Kxd1 Nxb4 18. a3 Rd8+ 19. Ke1 Nd3+
20. Bxd3 Rxd3 21. Nf3 Rb3 22. Ke2 Rxb2+ 23. Nd2 Kd7 24. Rc1 Rc2 25. Rxc2 Bxc2
26. Ke3 Kd6 27. Kd4 b5 28. h4 f6 29. g3 a5 30. Kc3 Bd1 31. Kd4 b4 32. Nc4+ Ke6
33. axb4 axb4 34. Nb2 Be2 35. Ke4 Bb5 36. Kd4 Kf5 37. Kc5 Be2 38. Kxb4 Kg4 39.
Kc3 Kf3 40. Na4 Kxf2 41. Nc5 Bg4 42. Ne4+ Ke3 43. Nd6 Bd7 44. g4 Kf4 0-1

[Event "Solingen-ch 2018"]
[Site "Solingen"]
[Date "2018.09.14"]
[Round "1.5"]
[White "Görke, Joachim"]
[Black "Skiber, Friedel"]
[Result "1-0"]
[WhiteElo "2110"]
[BlackElo "1705"]
[PlyCount "57"]
[EventDate "2018.09.14"]
[EventType "swiss"]
[EventRounds "7"]
[EventCountry "GER"]
[WhiteTeam "SG Solingen"]
[BlackTeam "SG Solingen"]

1. Nf3 d6 2. c4 g6 3. g3 Bg7 4. Bg2 Nf6 5. O-O O-O 6. Nc3 c6 7. d4 Bg4 8. h3
Bd7 9. e4 Ne8 10. Be3 e5 11. dxe5 dxe5 12. Bc5 Qc8 13. Kh2 f5 14. Bxf8 Bxf8 15.
Nxe5 Be6 16. exf5 Bxf5 17. f4 Nd7 18. Qe2 Ndf6 19. Rae1 Qc7 20. g4 Be6 21. Nxg6
Bxg4 22. hxg4 hxg6 23. Qe6+ Kh8 24. Ne4 Qh7+ 25. Kg3 Nh5+ 26. gxh5 gxh5 27. Ng5
h4+ 28. Kh3 Qg7 29. Qf7 1-0

[Event "Solingen-ch 2018"]
[Site "Solingen"]
[Date "2018.09.14"]
[Round "1.6"]
[White "Falge, Rainer"]
[Black "Flesch, Dr. Stefan"]
[Result "0-1"]
[WhiteElo "1692"]
[BlackElo "2051"]
[PlyCount "56"]
[EventDate "2018.09.14"]
[EventType "swiss"]
[EventRounds "7"]
[EventCountry "GER"]
[WhiteTeam "SG Solingen"]
[BlackTeam "SG Solingen"]

1. e4 g6 2. d4 Bg7 3. Nf3 d6 4. Be3 a6 5. Qd2 h6 6. h3 Nd7 7. Nc3 e6 8. Bd3 Ne7
9. Nh2 e5 10. dxe5 Nxe5 11. Be2 Be6 12. Bd4 N7c6 13. O-O-O Nxd4 14. Qxd4 O-O
15. Qd2 Nc4 16. Bxc4 Bxc4 17. Kb1 Re8 18. Rhe1 Qh4 19. f3 h5 20. Nf1 Rad8 21.
Ne3 Be6 22. Ned5 c6 23. Nc7 Re7 24. Nxe6 Rxe6 25. Ne2 Rde8 26. Rg1 d5 27. g3
Qf6 28. Nf4 Qxb2# 0-1

[Event "Solingen-ch 2018"]
[Site "Solingen"]
[Date "2018.09.14"]
[Round "1.7"]
[White "Steinbach, Wolfgang"]
[Black "Zimdars, Wolfgang"]
[Result "1-0"]
[WhiteElo "2018"]
[BlackElo "1656"]
[PlyCount "99"]
[EventDate "2018.09.14"]
[EventType "swiss"]
[EventRounds "7"]
[EventCountry "GER"]
[WhiteTeam "vereinslos"]
[BlackTeam "SG Solingen"]

1. Nf3 d5 2. b3 Nf6 3. Bb2 Nbd7 4. e3 e6 5. Be2 Be7 6. O-O O-O 7. Ne5 Nxe5 8.
Bxe5 Bd6 9. f4 Nd7 10. Bb2 e5 11. Nc3 c6 12. Qe1 exf4 13. exf4 Nf6 14. Bd3 Re8
15. Qh4 h6 16. Rae1 Rxe1 17. Rxe1 Bd7 18. f5 Qc7 19. Nd1 Qd8 20. Ne3 Nh7 21.
Qd4 Qf6 22. Ng4 Qxd4+ 23. Bxd4 f6 24. Bf2 Re8 25. Rxe8+ Bxe8 26. Bxa7 Kf8 27.
Ne3 Bf7 28. c4 Bb4 29. cxd5 cxd5 30. Bb5 Bxd2 31. Bc5+ Kg8 32. h4 Nf8 33. Kf2
Bc3 34. Nc2 g5 35. a4 d4 36. b4 Bd5 37. Bxd4 Bxd4+ 38. Nxd4 gxh4 39. a5 Kf7 40.
Be2 Ke7 41. Bf3 Kd6 42. Ke3 Bxf3 43. Nxf3 Nd7 44. Kd4 Nb8 45. b5 Nd7 46. Nd2
Kc7 47. Ne4 Kd8 48. Nc5 Kc7 49. Nxd7 Kxd7 50. Kd5 1-0

[Event "Solingen-ch 2018"]
[Site "Solingen"]
[Date "2018.09.14"]
[Round "1.8"]
[White "Büttgenbach, Uwe-Eugen"]
[Black "Vranidis, Athanassios"]
[Result "0-1"]
[WhiteElo "1641"]
[BlackElo "1956"]
[PlyCount "39"]
[EventDate "2018.09.14"]
[EventType "swiss"]
[EventRounds "7"]
[EventCountry "GER"]
[WhiteTeam "Ford SF Köln"]
[BlackTeam "SG Solingen"]

1. e4 c5 2. Bc4 e6 3. Ne2 a6 4. c3 b5 5. Bb3 Bb7 6. d3 Nf6 7. Ng3 Be7 8. O-O
O-O 9. e5 Nd5 10. c4 Nb6 11. Nc3 Nc6 12. a3 b4 13. axb4 cxb4 14. Nce4 Nxe5 15.
f4 Ng6 16. Be3 Rc8 17. Qh5 f5 18. Ng5 Bxg5 19. fxg5 f4 20. Bc5 0-1

[Event "Solingen-ch 2018"]
[Site "Solingen"]
[Date "2018.09.14"]
[Round "1.9"]
[White "Speck, Stefan"]
[Black "Ehringfeld, Michael"]
[Result "1-0"]
[WhiteElo "1955"]
[BlackElo "1626"]
[PlyCount "55"]
[EventDate "2018.09.14"]
[EventType "swiss"]
[EventRounds "7"]
[EventCountry "GER"]
[WhiteTeam "SC Solingen 28"]
[BlackTeam "SG Solingen"]

1. e4 e6 2. d4 d5 3. exd5 exd5 4. c4 Bb4+ 5. Nc3 Ne7 6. Bd3 dxc4 7. Bxc4 O-O 8.
Nge2 Bg4 9. O-O Nbc6 10. Qd3 Bxe2 11. Nxe2 Na5 12. Bb5 a6 13. Ba4 b5 14. Bc2
Ng6 15. f4 c5 16. f5 c4 17. Qh3 Ne7 18. f6 Ng6 19. Bxg6 fxg6 20. Qe6+ Rf7 21.
fxg7 Qe8 22. Nf4 Qxe6 23. Nxe6 Rxf1+ 24. Kxf1 Kf7 25. d5 Bd6 26. Bh6 Bxh2 27.
Ke2 Be5 28. Rf1+ 1-0

[Event "Solingen-ch 2018"]
[Site "Solingen"]
[Date "2018.09.14"]
[Round "1.10"]
[White "Schubert, Stefan"]
[Black "Borchert, Stephan"]
[Result "0-1"]
[WhiteElo "1592"]
[BlackElo "1942"]
[PlyCount "112"]
[EventDate "2018.09.14"]
[EventType "swiss"]
[EventRounds "7"]
[EventCountry "GER"]
[WhiteTeam "SG Solingen"]
[BlackTeam "SG Solingen"]

1. c4 Nf6 2. Nc3 g6 3. g3 Bg7 4. Bg2 O-O 5. e3 d6 6. Nge2 Nbd7 7. O-O Ne5 8. d3
Rb8 9. f4 Ned7 10. a3 e5 11. b4 exf4 12. Nxf4 Ne5 13. Rb1 Bg4 14. Nce2 Nh5 15.
Nxh5 Bxh5 16. Qc2 Re8 17. d4 Nc6 18. Nf4 Bg4 19. b5 Bf5 20. Nd3 Ne7 21. e4
Bxd4+ 22. Kh1 Be6 23. Nf4 Qd7 24. Nxe6 Qxe6 25. Qd3 Be5 26. Bb2 Nc8 27. Bxe5
Qxe5 28. Rf4 Nb6 29. Rbf1 Re7 30. Qc2 Qc5 31. Qb3 Qxc4 32. Qb2 Qc5 33. Rc1 Qe5
34. Qb3 Qe6 35. Qf3 Na4 36. Rf1 Nc5 37. h4 Rf8 38. Kh2 Qe5 39. g4 Ne6 40. Kg3
Nxf4 41. Qxf4 Qxb5 42. h5 Qe5 43. Kh4 Qxf4 44. Rxf4 f6 45. Kg3 Re5 46. hxg6
hxg6 47. Rf2 Ra5 48. Rf3 f5 49. Rd3 fxg4 50. Kxg4 g5 51. e5 Rxe5 52. Bxb7 Rf4+
53. Kg3 Kg7 54. Bc6 Kf6 55. a4 Rc5 56. Bb5 d5 0-1

[Event "Solingen-ch 2018"]
[Site "Solingen"]
[Date "2018.09.14"]
[Round "1.11"]
[White "Nguyen, Gia Huy Philipp"]
[Black "Littek, Oliver"]
[Result "1-0"]
[WhiteElo "1895"]
[BlackElo "1569"]
[PlyCount "67"]
[EventDate "2018.09.14"]
[EventType "swiss"]
[EventRounds "7"]
[EventCountry "GER"]
[WhiteTeam "SG Solingen"]
[BlackTeam "SG Solingen"]

1. e4 e5 2. Nf3 Nc6 3. Bb5 d6 4. d4 Bd7 5. Nc3 Nf6 6. O-O Be7 7. Re1 O-O 8.
Bxc6 Bxc6 9. dxe5 dxe5 10. Qxd8 Raxd8 11. Nxe5 Bd7 12. Nxd7 Rxd7 13. Bg5 Ne8
14. Bxe7 Rxe7 15. Rad1 Nd6 16. f3 Rc8 17. b3 f6 18. Nd5 Ree8 19. c4 c6 20.
Nxf6+ gxf6 21. Rxd6 Kf7 22. Red1 Re7 23. Kf2 Rcc7 24. Kg3 Kg6 25. Kf4 h6 26. g4
a6 27. a4 Rf7 28. a5 Rh7 29. h4 Rcf7 30. h5+ Kg7 31. Rd7 Rxd7 32. Rxd7+ Kg8 33.
Rxh7 Kxh7 34. Kf5 1-0

[Event "Solingen-ch 2018"]
[Site "Solingen"]
[Date "2018.09.13"]
[Round "1.12"]
[White "Fodor, Bernhard"]
[Black "Beyer, Fabian"]
[Result "0-1"]
[WhiteElo "1320"]
[BlackElo "1893"]
[PlyCount "64"]
[EventDate "2018.09.14"]
[EventType "swiss"]
[EventRounds "7"]
[EventCountry "GER"]
[WhiteTeam "SG Solingen"]
[BlackTeam "SG Solingen"]

1. f4 d5 2. Nf3 Nf6 3. d3 c6 4. a3 Qb6 5. e3 Bg4 6. Be2 Bxf3 7. Bxf3 Nbd7 8. b4
e5 9. Nc3 exf4 10. Na4 Qc7 11. e4 dxe4 12. Qe2 Bd6 13. d4 O-O 14. O-O exf3 15.
Qxf3 Nb6 16. Nxb6 axb6 17. c3 Rfe8 18. Bb2 Re3 19. Qd1 Rae8 20. Qb3 f3 21. Rxf3
Bxh2+ 22. Kh1 Re1+ 23. Rf1 R1e2 24. Rf3 Re1+ 25. Rf1 Rxa1 26. Bxa1 Ng4 27. g3
Qe7 28. c4 Qe4+ 29. Qf3 Qxf3+ 30. Rxf3 Re1+ 31. Kg2 Rxa1 32. Kh3 h5 0-1

[Event "Solingen-ch 2018"]
[Site "Solingen"]
[Date "2018.09.14"]
[Round "1.13"]
[White "Oler, Gürkan"]
[Black "Falk, Thomas"]
[Result "1/2-1/2"]
[WhiteElo "1884"]
[BlackElo "1552"]
[PlyCount "65"]
[EventDate "2018.09.14"]
[EventType "swiss"]
[EventRounds "7"]
[EventCountry "GER"]
[WhiteTeam "SC Erkrath"]
[BlackTeam "Elberfelder SG"]

1. c4 c5 2. Nc3 Nc6 3. g3 g6 4. Bg2 Bg7 5. e3 d6 6. Nge2 Nf6 7. O-O O-O 8. d4
cxd4 9. Nxd4 Bd7 10. Nde2 Qc8 11. Re1 Bh3 12. Bh1 Ne5 13. Nd5 Nxd5 14. cxd5 Bg4
15. f4 Nf3+ 16. Bxf3 Bxf3 17. Rf1 Bg4 18. Qd3 Bh3 19. Rf2 Qd7 20. Nc3 Rfc8 21.
Bd2 Bf5 22. e4 Bh3 23. Be3 Bxc3 24. bxc3 Rc7 25. Bd4 b6 26. a4 Rac8 27. Rfa2
Rc4 28. Qd2 e5 29. dxe6 Qxe6 30. e5 d5 31. a5 b5 32. Rb2 a6 33. Re1 1/2-1/2

[Event "Solingen-ch 2018"]
[Site "Solingen"]
[Date "2018.09.14"]
[Round "1.14"]
[White "Sereda, Yaroslava"]
[Black "Lux, Andreas"]
[Result "1/2-1/2"]
[WhiteElo "1534"]
[BlackElo "1839"]
[PlyCount "104"]
[EventDate "2018.09.14"]
[EventType "swiss"]
[EventRounds "7"]
[EventCountry "GER"]
[WhiteTeam "SG Solingen"]
[BlackTeam "SG Solingen"]

1. e4 c5 2. Nf3 e6 3. d4 cxd4 4. Nxd4 Bc5 5. Nc3 Ne7 6. g3 O-O 7. Bg2 f5 8. O-O
Nbc6 9. Nxc6 Nxc6 10. exf5 Rxf5 11. Be4 Rf7 12. Qh5 Bd4 13. Qxh7+ Kf8 14. Qh8+
Ke7 15. Bg5+ Bf6 16. Bxf6+ gxf6 17. Qxd8+ Kxd8 18. f4 d5 19. Rad1 Bd7 20. Bf3
Na5 21. Kf2 Rc8 22. g4 Rh7 23. Rh1 Rc4 24. Kg3 b6 25. h4 Ke7 26. g5 fxg5 27.
fxg5 Nc6 28. Be2 Rc5 29. Bd3 Rg7 30. a3 Ne5 31. Kf4 Nxd3+ 32. cxd3 d4 33. Ne4
Rf5+ 34. Kg4 e5 35. Kg3 Rf4 36. Rdf1 Rg4+ 37. Kf2 Bc6 38. Kf3 Rf4+ 39. Ke2 Bxe4
40. dxe4 Rxe4+ 41. Kd3 Re3+ 42. Kd2 Rg3 43. Rfg1 Rf3 44. g6 Rf2+ 45. Kc1 Kf6
46. h5 Rc7+ 47. Kd1 Rcc2 48. Rg3 Rcd2+ 49. Ke1 Rde2+ 50. Kd1 Rxb2 51. Kc1 Rbc2+
52. Kb1 Rb2+ 1/2-1/2

[Event "Solingen-ch 2018"]
[Site "Solingen"]
[Date "2018.09.14"]
[Round "1.15"]
[White "Kaiser, Stephan"]
[Black "Podder, Michael"]
[Result "0-1"]
[WhiteElo "1800"]
[BlackElo "1826"]
[PlyCount "66"]
[EventDate "2018.09.14"]
[EventType "swiss"]
[EventRounds "7"]
[EventCountry "GER"]
[WhiteTeam "SG Solingen"]
[BlackTeam "Elberfelder SG"]

1. d4 g6 2. c4 Bg7 3. Nc3 d6 4. Nf3 Nd7 5. b3 Ngf6 6. Bb2 O-O 7. e3 e5 8. dxe5
dxe5 9. Be2 Re8 10. O-O c6 11. Qc2 a5 12. Rfd1 Qc7 13. Rac1 Nc5 14. Ba3 Bf5 15.
Qb2 Nce4 16. Nh4 Be6 17. Qc2 Nxc3 18. Qxc3 Rad8 19. Qc2 e4 20. g3 Bg4 21. Ng2
h5 22. Bb2 Bxe2 23. Qxe2 Ng4 24. Bxg7 Kxg7 25. Qb2+ Qe5 26. Qe2 Qf6 27. Nf4 Ne5
28. Kg2 h4 29. Rc2 hxg3 30. fxg3 Rxd1 31. Qxd1 Nf3 32. Rf2 Rd8 33. Qc2 Ne1+ 0-1

[Event "Solingen-ch 2018"]
[Site "Solingen"]
[Date "2018.09.14"]
[Round "1.16"]
[White "Wawi, Bilal"]
[Black "Fränzel, Dr. Marius"]
[Result "0-1"]
[WhiteElo "1097"]
[BlackElo "1786"]
[PlyCount "72"]
[EventDate "2018.09.14"]
[EventType "swiss"]
[EventRounds "7"]
[EventCountry "GER"]
[WhiteTeam "vereinslos"]
[BlackTeam "SG Solingen"]

1. e4 e5 2. Nf3 Nc6 3. Bc4 Nf6 4. Nc3 Be7 5. d4 exd4 6. Nxd4 d6 7. Nxc6 bxc6 8.
O-O O-O 9. Bf4 Be6 10. Bxe6 fxe6 11. e5 Nd5 12. Nxd5 cxd5 13. Qg4 Rf5 14. Bh6
Bg5 15. Bxg5 Qxg5 16. Qxg5 Rxg5 17. exd6 cxd6 18. f4 Rf5 19. g4 Rf6 20. g5 Rf5
21. Rae1 e5 22. fxe5 Rxg5+ 23. Kh1 dxe5 24. c3 Rf8 25. Rxf8+ Kxf8 26. Rd1 e4
27. Rg1 Rf5 28. Kg2 Kf7 29. Rf1 g6 30. b4 Ke6 31. b5 Kd6 32. a4 Kc5 33. Rxf5
gxf5 34. Kg3 Kb6 35. Kf4 Ka5 36. Ke3 Kxa4 0-1

[Event "Solingen-ch 2018"]
[Site "Solingen"]
[Date "2018.09.28"]
[Round "2.1"]
[White "Vranidis, Athanassios"]
[Black "Kniest, Oliver"]
[Result "0-1"]
[WhiteElo "1956"]
[BlackElo "2309"]
[PlyCount "56"]
[EventDate "2018.??.??"]
[WhiteTeam "SG Solingen"]
[BlackTeam "SG Solingen"]

1. d4 d5 2. c4 e6 3. Nf3 Nf6 4. Nc3 Bb4 5. e3 O-O 6. Bd3 b6 7. O-O Bb7 8. cxd5
exd5 9. a3 Bd6 10. Nb5 Be7 11. Qc2 a6 12. Nc3 c5 13. dxc5 bxc5 14. Rd1 Bd6 15.
Kh1 Nbd7 16. e4 d4 17. Nd5 Nxd5 18. exd5 Nf6 19. Bg5 h6 20. Bxf6 Qxf6 21. Bc4
g5 22. Qe4 Rae8 23. Qg4 Bc8 24. Qh5 Re4 25. h3 g4 26. Bd3 Rf4 27. Ng1 gxh3 28.
g3 Bg4 0-1

[Event "Solingen-ch 2018"]
[Site "Solingen"]
[Date "2018.09.28"]
[Round "2.2"]
[White "Hobusch, Jan"]
[Black "Speck, Stefan"]
[Result "1-0"]
[WhiteElo "2180"]
[BlackElo "1955"]
[PlyCount "85"]
[EventDate "2018.??.??"]
[WhiteTeam "SG Solingen"]
[BlackTeam "SC Solingen 28"]

1. d4 d6 2. e4 Nf6 3. Nc3 e5 4. dxe5 dxe5 5. Qxd8+ Kxd8 6. Bc4 Be6 7. Bxe6 fxe6
8. Be3 Bd6 9. f3 Ke7 10. Nge2 Nbd7 11. Nc1 Rhg8 12. h4 a6 13. Nd3 b5 14. O-O-O
Rgb8 15. h5 a5 16. Bg5 a4 17. h6 g6 18. Kb1 b4 19. Ne2 Ke8 20. Bxf6 Nxf6 21. f4
Nxe4 22. fxe5 Bf8 23. Rh4 Ng5 24. Rf1 b3 25. cxb3 axb3 26. axb3 Rxb3 27. Kc2
Rb6 28. Rg4 Be7 29. Nc3 Rab8 30. Rc4 Nf7 31. Rxc7 g5 32. Ne4 Nxe5 33. Rxe7+
Kxe7 34. Nxe5 Rxb2+ 35. Kd3 R8b3+ 36. Nc3 Rxg2 37. Kc4 Rbb2 38. Ne4 Rgc2+ 39.
Kd3 Rh2 40. Rf7+ Kd8 41. Rd7+ Kc8 42. Nd6+ Kb8 43. Nc6+ 1-0

[Event "Solingen-ch 2018"]
[Site "Solingen"]
[Date "2018.09.28"]
[Round "2.3"]
[White "Borchert, Stephan"]
[Black "Peschel, Andreas"]
[Result "1-0"]
[WhiteElo "1942"]
[BlackElo "2167"]
[PlyCount "91"]
[EventDate "2018.??.??"]
[WhiteTeam "SG Solingen"]
[BlackTeam "SG Solingen"]

1. e4 c5 2. Nf3 e6 3. d4 cxd4 4. Nxd4 a6 5. Bd3 Qc7 6. O-O Nf6 7. Kh1 d6 8. f4
Nbd7 9. Nc3 b5 10. Bd2 Bb7 11. Qe1 g6 12. a4 b4 13. Nd1 Nc5 14. Nf2 Bg7 15. e5
Nfd7 16. f5 Nxe5 17. fxe6 O-O 18. Qe3 fxe6 19. Bxb4 Rae8 20. Bc3 Nc6 21. Nf3
Bxc3 22. bxc3 Ne7 23. Ng4 Nd5 24. Qd4 e5 25. Qf2 e4 26. Qd4 Qg7 27. Bc4 Qxd4
28. Nxd4 Kg7 29. Bxd5 Bxd5 30. Ne3 Bg8 31. Kg1 Rxf1+ 32. Kxf1 Rc8 33. Ke2 Bf7
34. Kd2 Be8 35. a5 Bf7 36. Rb1 Kf6 37. Rb6 Ke7 38. c4 Kd7 39. Nd5 Bxd5 40. cxd5
Rc7 41. Ke3 Rb7 42. Ne6 Rc7 43. Nxc7 Kxc7 44. Rc6+ Kd7 45. Rxc5 dxc5 46. Kxe4
1-0

[Event "Solingen-ch 2018"]
[Site "Solingen"]
[Date "2018.09.28"]
[Round "2.4"]
[White "Zolfagharian, Kevin"]
[Black "Nguyen, Gia Huy Philipp"]
[Result "1-0"]
[WhiteElo "2165"]
[BlackElo "1895"]
[PlyCount "53"]
[EventDate "2018.??.??"]
[WhiteTeam "SG Solingen"]
[BlackTeam "SG Solingen"]

1. e4 c5 2. Nf3 d6 3. d4 cxd4 4. Nxd4 Nf6 5. Nc3 a6 6. h3 e5 7. Nde2 Be7 8. g4
h6 9. Be3 Be6 10. Bg2 b5 11. Qd2 Nc6 12. Ng3 Na5 13. b3 Rc8 14. O-O Nb7 15. Nd5
Nxd5 16. exd5 Bd7 17. f4 Qa5 18. Qf2 O-O 19. fxe5 Qc3 20. Bd2 Qxe5 21. Rae1 Qf6
22. Qb6 Qh4 23. Qxb7 Qxg3 24. Qxd7 Rxc2 25. Re3 Qh4 26. Be1 Qg5 27. Qxe7 1-0

[Event "Solingen-ch 2018"]
[Site "Solingen"]
[Date "2018.09.28"]
[Round "2.5"]
[White "Beyer, Fabian"]
[Black "Görke, Joachim"]
[Result "1/2-1/2"]
[WhiteElo "1893"]
[BlackElo "2110"]
[PlyCount "105"]
[EventDate "2018.??.??"]
[WhiteTeam "SG Solingen"]
[BlackTeam "SG Solingen"]

1. e4 d6 2. d4 Nf6 3. Nc3 g6 4. Be2 Bg7 5. Be3 Na6 6. Qd2 Ng4 7. Bxg4 Bxg4 8.
f3 Bd7 9. Bh6 O-O 10. O-O-O c5 11. Nge2 Qa5 12. Bxg7 Kxg7 13. g4 c4 14. h4 h6
15. h5 g5 16. Kb1 b5 17. Nd5 Qxd2 18. Rxd2 e6 19. Ne3 f5 20. d5 fxg4 21. fxg4
e5 22. Nf5+ Bxf5 23. exf5 Nc5 24. Ng3 Kf6 25. Re1 a5 26. Ne4+ Nxe4 27. Rxe4
Rfc8 28. c3 Rab8 29. a3 b4 30. axb4 axb4 31. cxb4 Rxb4 32. Rc2 Rc5 33. Kc1 Rxd5
34. Rexc4 Rxc4 35. Rxc4 Rd3 36. Kc2 Rg3 37. b4 d5 38. Rc6+ Kf7 39. b5 Rxg4 40.
b6 Rb4 41. Rxh6 e4 42. Kc3 Rc4+ 43. Kd2 Rb4 44. Rd6 d4 45. h6 e3+ 46. Kd3 Rb3+
47. Kxd4 e2 48. Re6 Rxb6 49. Rxe2 Rxh6 50. Ke5 Ra6 51. Rd2 Ra5+ 52. Rd5 Rxd5+
53. Kxd5 1/2-1/2

[Event "Solingen-ch 2018"]
[Site "Solingen"]
[Date "2018.09.28"]
[Round "2.8"]
[White "Podder, Michael"]
[Black "Oler, Gürkan"]
[Result "1-0"]
[WhiteElo "1826"]
[BlackElo "1884"]
[PlyCount "51"]
[EventDate "2018.??.??"]
[WhiteTeam "Elberfelder SG"]
[BlackTeam "SC Erkrath"]

1. e4 d6 2. d4 Nf6 3. Nc3 Nbd7 4. Nf3 e5 5. dxe5 dxe5 6. Bc4 h6 7. O-O c6 8. a4
Qc7 9. Qe2 Be7 10. Be3 Ng4 11. Bd2 O-O 12. Rad1 Nb6 13. Bb3 a5 14. h3 Nf6 15.
Rfe1 Re8 16. Qe3 Bf8 17. Ne2 Nh5 18. g4 Nf6 19. Ng3 g5 20. Bc3 Bg7 21. Qd2 Nbd7
22. Bc4 Nf8 23. Qd6 Qxd6 24. Rxd6 Ng6 25. Kh2 Nd7 26. Rxg6 1-0

[Event "Solingen-ch 2018"]
[Site "Solingen"]
[Date "2018.09.28"]
[Round "2.9"]
[White "Lux, Andreas"]
[Black "Meckel, Helmut"]
[Result "0-1"]
[WhiteElo "1839"]
[BlackElo "1780"]
[PlyCount "62"]
[EventDate "2018.??.??"]
[WhiteTeam "SG Solingen"]
[BlackTeam "SG Solingen"]

1. d4 e6 2. e4 d5 3. e5 c5 4. c3 Nc6 5. Nf3 Bd7 6. Be3 cxd4 7. cxd4 Rc8 8. Nc3
f6 9. Nh4 fxe5 10. Qh5+ g6 11. Nxg6 Nf6 12. Qh4 exd4 13. Bg5 Bg7 14. Nxh8 dxc3
15. Bxf6 Qxf6 16. Qh5+ Ke7 17. Qxh7 Rxh8 18. Qc2 Qe5+ 19. Kd1 cxb2 20. Rb1 Qd4+
21. Ke1 Nb4 22. Qg6 Rh6 23. Qg5+ Qf6 24. Qd2 Nxa2 25. Bd3 Qc3 26. f3 Nb4 27.
Qxc3 Bxc3+ 28. Ke2 Nxd3 29. Kxd3 d4 30. h4 Be8 31. h5 Rxh5 0-1

[Event "Solingen-ch 2018"]
[Site "Solingen"]
[Date "2018.09.28"]
[Round "2.10"]
[White "Falk, Thomas"]
[Black "Sereda, Yaroslava"]
[Result "0-1"]
[WhiteElo "1552"]
[BlackElo "1534"]
[PlyCount "80"]
[EventDate "2018.??.??"]
[WhiteTeam "Elberfelder SG"]
[BlackTeam "SG Solingen"]

1. d4 Nf6 2. Nf3 d5 3. Bf4 Nh5 4. Bg3 Nxg3 5. hxg3 Nd7 6. e3 Nf6 7. Nbd2 Bf5 8.
Rc1 h6 9. c4 e6 10. Ne5 Nd7 11. Nxd7 Qxd7 12. cxd5 exd5 13. a3 Bd6 14. Be2 c6
15. Nb3 b6 16. Rc3 Rc8 17. Bf3 O-O 18. Rh4 Be7 19. Rh1 Bf6 20. Ke2 Bg4 21. Re1
Rfe8 22. Kf1 Bf5 23. Be2 Re7 24. Bd3 c5 25. Bxf5 Qxf5 26. Qf3 Qe6 27. Rec1 Rce8
28. Re1 cxd4 29. Rd3 Qe4 30. Qd1 dxe3 31. Rexe3 Qc4 32. Rxe7 Rxe7 33. Kg1 Rd7
34. Qe2 Rd8 35. Re3 Qxe2 36. Rxe2 d4 37. Nc1 d3 38. Rd2 Bxb2 39. Nxd3 Bxa3 40.
Ra2 Rxd3 0-1

[Event "Solingen-ch 2018"]
[Site "Solingen"]
[Date "2018.09.28"]
[Round "2.12"]
[White "Skiber, Friedel"]
[Black "Alexopoulos, Dr. Spiros"]
[Result "0-1"]
[WhiteElo "1705"]
[BlackElo "1870"]
[PlyCount "80"]
[EventDate "2018.??.??"]
[WhiteTeam "SG Solingen"]
[BlackTeam "Aachener SV"]

1. e4 e6 2. d4 d5 3. Nc3 Bb4 4. Qg4 Nf6 5. Qh4 Nxe4 6. Qxd8+ Kxd8 7. Nge2 Nd7
8. f3 Nxc3 9. Nxc3 Bxc3+ 10. bxc3 b6 11. a4 a5 12. c4 Ba6 13. cxd5 exd5 14. Ra3
Bxf1 15. Rxf1 Re8+ 16. Kf2 Nf8 17. Rd1 Kd7 18. Bf4 Ne6 19. Bg3 Nd8 20. f4 Nb7
21. Kf3 Nd6 22. h3 Re4 23. Bh2 Rae8 24. Rc3 Re2 25. f5 Nc4 26. Bf4 c6 27. Bc1
b5 28. axb5 cxb5 29. Rb3 Kc6 30. Bf4 Rxc2 31. Rdb1 b4 32. Ra1 Ree2 33. g3 Kb5
34. Rab1 Rf2+ 35. Kg4 Nd2 36. Bxd2 Rfxd2 37. Re3 Rxd4+ 38. Kh5 Re4 39. Ra3 d4
40. Rbb3 Rc3 0-1

[Event "Solingen-ch 2018"]
[Site "Solingen"]
[Date "2018.09.28"]
[Round "2.13"]
[White "Ipekyilmaz, Tayfun"]
[Black "Büttgenbach, Uwe-Eugen"]
[Result "1-0"]
[WhiteElo "1736"]
[BlackElo "1641"]
[PlyCount "67"]
[EventDate "2018.??.??"]
[WhiteTeam "Langenfelder SF"]
[BlackTeam "Ford SF Köln"]

1. e4 c6 2. d4 d5 3. exd5 Qxd5 4. c4 Qa5+ 5. Nc3 Nf6 6. Bd3 e5 7. Qe2 Bb4 8.
Qxe5+ Be6 9. Qxa5 Bxa5 10. Bd2 O-O 11. Nf3 Na6 12. a3 Rad8 13. b4 Bb6 14. c5
Bc7 15. Bxa6 bxa6 16. Be3 Ng4 17. Ne2 Bc4 18. Rc1 Bb5 19. h3 Nf6 20. Nc3 Bd3
21. Ne5 Bf5 22. Nxc6 Rd7 23. O-O Nh5 24. d5 Nf4 25. d6 Nxh3+ 26. gxh3 Bxh3 27.
Rfe1 Bxd6 28. cxd6 Rxd6 29. Ne7+ Kh8 30. Bf4 Rf6 31. Bg3 Rh6 32. Ne4 f5 33. Ng5
Bg4 34. Nf7+ 1-0